000 01189cam a2200361 a 4500
001 13645856
003 OSt
005 20140310182245.0
008 040706s2004 nyuab b 000 1 eng
010 _a 2004301111
020 _a0439559669 (pbk.)
040 _aDLC
_cDLC
_dDLC
041 1 _aeng
_hita
042 _alcac
050 0 0 _aPZ 7
_b.St857 2004
082 0 0 _aFIC
_bSt5i 2004
100 _aStilton,Geronimo
245 0 0 _aI'm too fond of my fur! /
_cGeronimo Stilton ; [illustrations by Larry Keys].
246 1 _aI am too fond of my fur!
260 _aNew York :
_bScholastic,
_cc2004.
300 _a116 p. :
_bcol. ill. ;
_c20 cm.
650 1 _aMice
_vFiction.
_919407
650 1 _aAnimals
_vFiction.
_919408
650 1 _aJournalists
_vFiction.
_919409
650 1 _aMountaineering
_vFiction.
_919410
650 1 _aAdventure and adventurers
_vFiction.
_919411
650 1 _aHumorous stories.
_93831
856 4 2 _3Publisher description
_uhttp://www.loc.gov/catdir/description/schol051/2004301111.html
906 _a7
_bcbc
_corigres
_d2
_encip
_f20
_gy-gencatlg
942 _2lcc
_cBK-FIC
999 _c11234
_d11234